000 00721nam a22002417a 4500
001 98941
003 UA-OsUOA
005 20210509212610.0
007 ta
008 20130422b un ||||| |||| 00| 0 ukr d
040 _aUA-OsUOA
_brus
_cUA-OsUOA
_dUA-OsUOA
041 _arus
080 _a821.133.1
090 _a821.133.1
_bР67
100 _aРоллан Р.
245 _aСобрание сочинений в четырнадцати томах
_b4
_cЖан-Кристоф
246 3 1 _aКн. 4, 5
260 _aМ.
_bХудожественная литература
_c1956
300 _a468 с.
650 7 _a82 Література. Літературознавство
_2UDC
942 _cBK
_2udc
955 _a3
999 _c384971
_d384971